Library Banner

Communication theories in action (Instructor's resource guide): (Record no. 15302)

MARC details
000 -LEADER
fixed length control field 00488nam a2200169Ia 4500
001 - CONTROL NUMBER
control field 14725
008 - FIXED-LENGTH DATA ELEMENTS--GENERAL INFORMATION
fixed length control field 140403s9999 xx 000 0 und d
020 ## - INTERNATIONAL STANDARD BOOK NUMBER
International Standard Book Number 0-534-50669-0
040 ## - CATALOGING SOURCE
Transcribing agency PK-LaUMT
082 ## - DEWEY DECIMAL CLASSIFICATION NUMBER
Classification number MR 371.1022
Item number WOO-C
100 ## - MAIN ENTRY--PERSONAL NAME
Personal name Wood, Julia T.
245 ## - TITLE STATEMENT
Title Communication theories in action (Instructor's resource guide):
Remainder of title an introduction.
Statement of responsibility, etc Wood, Julia T.
260 ## - PUBLICATION, DISTRIBUTION, ETC. (IMPRINT)
Place of publication, distribution, etc Belmont,USA:
Name of publisher, distributor, etc Wadsworth Publishing Company,
Date of publication, distribution, etc 1997
300 ## - PHYSICAL DESCRIPTION
Extent 144 p.
546 ## - LANGUAGE NOTE
Language note EN
942 ## - ADDED ENTRY ELEMENTS (KOHA)
Koha item type Books
Holdings
Withdrawn status Lost status Damaged status Not for loan Home library Current library Date acquired Total Checkouts Full call number Barcode Date last seen Price effective from Koha item type
        UMT Main Campus UMT Main Campus 2014-04-03   MR 371.1022 WOO-C 16953 2014-04-22 2014-04-22 Books